| 000 | 00916nam a22002175i 4500 | ||
|---|---|---|---|
| 001 | 166618 | ||
| 003 | ES-MaACL | ||
| 005 | 20230906213353.0 | ||
| 008 | 041018s1876 gw a |||| | eng d | ||
| 040 |
_aCAM _bspa _cCAM |
||
| 100 | 1 |
_aTrevelyan, George Otto. _9111335 |
|
| 245 | 1 | 4 |
_aThe life and letters of Lord Macaulay / _cby his nephew George Otto Trevelyan. |
| 260 |
_aLeipzig : _bBernhard Tauchnitz, _c1876. |
||
| 300 |
_a4 v. (VIII, 296; VI, 266; VII, 286; VI, 281 p.) ; _c16 cm. |
||
| 490 | 1 |
_aCollection of british authors ; _v1571-1574 |
|
| 599 | _aEn el t.I hay [1] h. de lám. con retrato de Macaulay: "A. Weger sen. Leipzig" | ||
| 600 | 1 | 4 |
_aMacaulay, Thomas Babington Macaulay _cBaron- _xBiografías. _9129284 |
| 830 | 0 |
_aCollection of british authors ; _v1571-1574 _9180703 |
|
| 852 |
_aES-MaACL _jG-12024-25 _z-- Enc. hol. conservando la cub. original _z-- 4 t. en 2 v. |
||
| 999 |
_c166618 _d166618 |
||